000
00247nam a22001217a 4500
003
SGT
082
_a
823
_b
GRI
100
_a
GRISHAM JOHN
245
_a
THE CONFESSION
260
_a
LONDON
_b
CENTURY PUB
_c
2010
300
_a
418
942
_2
ddc
_c
BK
999
_c
33705
_d
33705